Statistics for Largest Single Word Cities in the World with 10 Letters or More

Click here to take the quiz!

General Stats

  • This quiz has been taken 79 times
  • The average score is 9 of 26

Answer Stats

#PopulationContinentAnswer% Correct
114,500,000AfricaJohannesburg
90%
27,550,000North AmericaPhiladelphia
73%
55,650,000North AmericaGuadalajara
67%
36,050,000AfricaAlexandria
63%
103,250,000North AmericaMinneapolis
53%
113,150,000EuropeBirmingham
45%
172,750,000AfricaOuagadougou
45%
142,850,000AfricaAntananarivo
43%
123,100,000EuropeManchester
43%
74,625,000AfricaCasablanca
42%
252,075,000North AmericaIndianapolis
38%
65,100,000AsiaChittagong
32%
252,075,000North AmericaPittsburgh
30%
202,425,000AfricaBrazzaville
28%
83,850,000AsiaFaisalābād
27%
242,125,000North AmericaSacramento
25%
222,200,000South AmericaBarranquilla
23%
142,850,000North AmericaCincinnati
23%
93,625,000AsiaRāwalpindi
23%
45,750,000AsiaShíjiāzhuāng
23%
182,550.000AfricaLubumbashi
15%
132,975,000AsiaGujrānwāla
8%
212,300,000AsiaVishakhapatnam
7%
142,850,000AsiaCoimbatore
5%
232,150,000AsiaVijayawāda
3%
192,500,000AsiaChandīgarh
2%

Score Distribution

Percentile by Number Answered

Percent of People with Each Score

Your Score History

You have not taken this quiz